000 00315nam a22001337a 4500
008 170131b xxu||||| |||| 00| 0 eng d
020 _a9780750652735
041 _aeng
080 _a61
100 _a3
101 _aSHMI
245 _aDATA INTERPRRETATION IN CRITICAL CARE MEDICINE
_cVENKATESH, B
942 _2udc
_cBK
999 _c4056
_d4056